Viva México = Viva Ñuukooyo = Xadxí guibani Méxicu = Long Live Mexico.

שמור ב:
מידע ביבליוגרפי
מחבר ראשי: Acevedo, Martha (autor)
מחברים אחרים: Celerina Gonzàlez, Patricia tr (autor) tr, (autor), Laurer, David tr (autor) tr, (autor)
פורמט: ספר
שפה:ספרדית
סדרה:(Libros del rincón)
נושאים:
תגים: הוספת תג
אין תגיות, היה/י הראשונ/ה לתייג את הרשומה!

MARC

LEADER 00000nam^a2200000^u^4500
001 000503269
005 20250521000000.0
008 080718s1000^^^^^^^^^^^^r^^^^^000^0^spa^d
009 20260310125846.677
022 |a 9707908580 
035 |a FCE 000047471 
037 |a Acervo ITESO - Biblioteca 
041 |a spa 
082 0 4 |a 808.89282  |b ACEv 
100 |a Acevedo, Martha  |e (autor) 
245 1 0 |a Viva México = Viva Ñuukooyo = Xadxí guibani Méxicu = Long Live Mexico. 
264 |a México:  |b SEP,  |c 2005. 
300 |a 46 p. 
336 |a texto  |b txt  |2 rdacontenido 
337 |a sin mediación  |b n  |2 rdamedio 
338 |a volumen  |b nc  |2 rdasoporte 
440 1 |a (Libros del rincón) 
649 |a XX 
650 |a Relato 
650 |a Indios de México 
650 |a Literatura indígena 
700 |a Celerina Gonzàlez, Patricia  |e tr  |e (autor) 
700 |a Laurer, David  |e tr  |e (autor) 
910 |a Fondo Centro de Estudios Educativos 
920 |a Impresos - Libros 
930 |a Fondos Especiales 
905 |a 133 
901 |a ALE063622  |b IT2  |c CEE  |u 20250521 
902 |a https://opac.biblio.iteso.mx/vufind/Record/000503269